000 00324nam a2200109Ia 4500
008 200302s9999 xx 000 0 und d
100 _aTopos ed
245 _aParks Grune Freiraume in Europas Stadten Green Urban spaces ineuropean cities
260 _bBirkhauser Publisher for Architecture
260 _c2002
300 _a128 P.,
999 _c5402
_d5402